Statistics for ten biggest countries by size

Click here to take the quiz!

General Stats

  • This quiz has been taken 82 times
  • The average score is 9 of 10

Answer Stats

HintAnswer% Correct
2ndCanada
100%
4thChina
100%
1stRussia
100%
3rdUnited States Of America
100%
5thBrazil
94%
6thAustralia
89%
7thIndia
85%
8thArgentina
74%
10thAlgeria
70%
9thKazakhstan
69%

Score Distribution

Percentile by Number Answered

Percent of People with Each Score

Your Score History

You have not taken this quiz